000
00319nam a2200121Ia 4500
008
240624s9999 xx 000 0 und d
041
_a
eng
082
_a
658.049 RAO
100
_a
RAO P SUBBA
245
_a
INTERNATIONAL BUSINESS TEXT AND CASES
260
_c
2005
_a
Mumbai
_b
Himalaya
300
_a
xxiv, : 582 : p. : cm. ; 24
999
_c
2653
_d
2653